000 01265nam a2200253Ia 4500
999 _c54068
_d54068
001 21121
003 GE_BSU
005 20250725142244.0
008 181216s2017||||ge |||||||||||||| ||geo||
020 _a9789941247392
040 _cGE_BSU
041 _ageo
080 _a27-36 თ-54
245 _aႧვენი. [ტ.] 20, 11 ივლისი - 20 ივლისი (ახალი სტილით 24 ივლისი - 2 აგვისტო) /
_c პროექტის ავტორი და რედაქტორი თამარ მამაცაშვილი ; შემდგენელი კახაბერ კენკიშვილი ; დიზაინერი რატი თორდია.
264 _aთბილისი :
_bპალიტრა L,
_c2017.
300 _a351 გვ. ;
_c21 სმ.
490 _aჟურნალ "კარიბჭის" ბიბლიოთეკა
541 _h6 ლ.
653 _aთვენი. 11 ივლისი -20 აგვისტო
653 _aრელიგია
653 _aმართლმადიდებლური ეკლესია
653 _a წმინდანთა ცხოვრება
942 _cBK
_2udc